000 01377nam a2200361 i 4500
001 ELB196968
003 FINmELB
005 20250326043433.0
006 m o u
007 cr cn|||||||||
008 220120s2020 ag ob 000 0 spa d
020 _z9788971368723
035 _a(OCoLC)1298603386
040 _aFINmELB
_bspa
_erda
_cFINmELB
050 1 4 _aS495
_bS822 2020
080 _a63
082 0 4 _a630
_223
100 1 _aSteiner, Rudolf,
_eautor.
245 1 0 _aCurso sobre agricultura biológico dinámica :
_bprincipios basados en la Ciencia Espiritual para el desarrollo de la agricultura /
_cRudolf Steiner.
264 1 _aBuenos Aires :
_bEditorial Antroposófica,
_c2020.
300 _a1 recurso en línea (233 páginas)
336 _atexto
_btxt
_2rdacontent/spa
337 _acomputadora
_bc
_2rdamedia/spa
338 _arecurso en línea
_bcr
_2rdacarrier/spa
504 _aContiene bibliografía.
588 _aDescripción basada en metadatos suministrados por el editor y otras fuentes.
590 _aRecurso electrónico. Santa Fe, Arg.: elibro, 2021. Disponible vía World Wide Web. El acceso puede estar limitado para las bibliotecas afiliadas a elibro.
650 0 _aAgriculture.
650 4 _aAgricultura.
655 4 _aLibros electrónicos.
797 2 _aelibro, Corp.
856 4 0 _uhttps://elibro.net/ereader/usam/196968
999 _c146484
_d146484